[Event "BL 1718 SV Werder Bremen - Hamburger SK"]
[Site "?"]
[Date "2017.11.11"]
[Round "3.8"]
[White "Koop, Thorben"]
[Black "Engel, Luis"]
[Result "1/2-1/2"]
[WhiteElo "2370"]
[BlackElo "2344"]
[PlyCount "104"]
[EventDate "2017.??.??"]

1. d4 Nf6 2. Nf3 g6 3. g3 Bg7 4. Bg2 O-O 5. O-O d6 6. a4 c5 7. dxc5 dxc5 8. a5
Be6 9. c3 Qc8 10. Qa4 Na6 11. Na3 Rd8 12. e4 c4 13. Nd4 Nc5 14. Qb4 Nd3 15. Qb5
Bh3 16. Nf5 gxf5 17. Bxh3 Nxe4 18. Bxf5 Nd6 19. Bxc8 Nxb5 20. Bxb7 Rab8 21. a6
Nd6 22. Be3 Nxb7 23. axb7 Rxb7 24. Nxc4 Rc8 25. Ra4 Nxb2 26. Nxb2 Rxb2 27. c4
Rc2 28. Rb1 Bf8 29. c5 e5 30. Rg4+ Kh8 31. Rb7 Bxc5 32. Bxc5 R2xc5 33. Rxf7
R5c7 34. Rgg7 Rxf7 35. Rxf7 Ra8 36. Re7 a5 37. Rxe5 a4 38. Re2 Kg7 39. Kg2 Kf6
40. Kf3 a3 41. Ra2 Kf5 42. h3 Ra7 43. Ke3 Re7+ 44. Kd4 Ra7 45. Kd5 Ra4 46. f3
h5 47. Kc5 h4 48. Kb5 Ra8 49. gxh4 Kf4 50. Kb4 Kxf3 51. Rxa3+ Rxa3 52. Kxa3 Kf4
1/2-1/2

[Event "BL 1718 SV Mülheim Nord - SK Norderste"]
[Site "?"]
[Date "2017.11.11"]
[Round "3.1"]
[White "Trent, Lawrence"]
[Black "Navara, David"]
[Result "0-1"]
[WhiteElo "2435"]
[BlackElo "2726"]
[PlyCount "56"]
[EventDate "2017.??.??"]

1. e4 e6 2. d4 d5 3. Nd2 c5 4. Ngf3 Nc6 5. Bb5 a6 6. Bxc6+ bxc6 7. O-O Nf6 8.
exd5 cxd5 9. b3 Bd6 10. dxc5 Bxc5 11. Bb2 O-O 12. Ne5 Bb7 13. Qf3 Qc7 14. Nd3
d4 15. Qh3 Ba7 16. Nc4 Bd5 17. Nce5 Ne4 18. f3 Nd6 19. Rfc1 f6 20. Ng4 Nf5 21.
Kh1 Rac8 22. Ngf2 Rfd8 23. Ne4 Qb7 24. Nf4 Bxe4 25. Nxe6 Bxc2 26. Nxd8 Qd5 27.
Nb7 d3 28. Rd1 d2 0-1

[Event "BL 1718 SV Mülheim Nord - SK Norderste"]
[Site "?"]
[Date "2017.11.11"]
[Round "3.2"]
[White "Tregubov, Pavel V"]
[Black "Ostrovskiy, Andrey"]
[Result "1-0"]
[WhiteElo "2589"]
[BlackElo "2444"]
[PlyCount "147"]
[EventDate "2017.??.??"]

1. d4 Nf6 2. c4 e6 3. Nc3 Bb4 4. e3 b6 5. Nge2 Ne4 6. Qc2 Bb7 7. a3 Bxc3+ 8.
Nxc3 Nxc3 9. Qxc3 Qh4 10. b4 O-O 11. Bb2 Be4 12. Ke2 d5 13. f3 Bg6 14. g3 Qe7
15. cxd5 exd5 16. Kf2 c6 17. Be2 Nd7 18. Rac1 Rfe8 19. Rhe1 b5 20. Bf1 Rac8 21.
e4 dxe4 22. d5 f6 23. dxc6 Ne5 24. c7 Qd7 25. fxe4 Bh5 26. Qb3+ Bf7 27. Qd1
Qxd1 28. Rexd1 Nc4 29. Bxc4 bxc4 30. Rd7 Be6 31. Rd6 Rxc7 32. Bd4 Bf7 33. Ra6
Ree7 34. Bc5 Red7 35. Rc3 h6 36. Ke3 Kh7 37. g4 Kg8 38. h4 Kh7 39. Kf4 Kg8 40.
g5 hxg5+ 41. hxg5 fxg5+ 42. Kxg5 Rc8 43. Kf4 Be8 44. Rxa7 Rxa7 45. Bxa7 Bb5 46.
Bc5 Re8 47. e5 Kf7 48. Ke4 Ke6 49. Rg3 c3 50. Rxc3 Rh8 51. Bf2 Rh2 52. Bg3 Re2+
53. Kd4 Rd2+ 54. Kc5 Rd5+ 55. Kb6 Ba4 56. Bh2 Rd2 57. Bf4 Rd4 58. Bh2 Rd2 59.
Rh3 Rd8 60. Rg3 Rh8 61. Rg2 Rb8+ 62. Kc7 Rh8 63. Bg3 Rh3 64. Kb6 Rh8 65. Bf2
Kxe5 66. Rxg7 Rh3 67. Bg3+ Kd5 68. Ka5 Bb3 69. b5 Rh5 70. Kb4 Bc2 71. b6 Kc6
72. Rc7+ Kxb6 73. Rxc2 Rb5+ 74. Ka4 1-0

[Event "BL 1718 SV Mülheim Nord - SK Norderste"]
[Site "?"]
[Date "2017.11.11"]
[Round "3.3"]
[White "Kopylov, Michael"]
[Black "Fridman, Daniel"]
[Result "1/2-1/2"]
[WhiteElo "2424"]
[BlackElo "2626"]
[PlyCount "47"]
[EventDate "2017.??.??"]

1. d4 d5 2. c4 e6 3. Nf3 Nf6 4. g3 Bb4+ 5. Bd2 a5 6. Bg2 O-O 7. O-O c6 8. Qc2
Nbd7 9. Bf4 Be7 10. Rd1 b5 11. c5 Nh5 12. Bc1 f5 13. Nc3 b4 14. Na4 Ba6 15. Ne5
Nxe5 16. dxe5 g5 17. a3 b3 18. Qxb3 Bxe2 19. Re1 Bb5 20. Bd2 Rb8 21. Qd1 Bxa4
22. Qxa4 Rxb2 23. Bxa5 Qa8 24. Qd4 1/2-1/2

[Event "BL 1718 SV Mülheim Nord - SK Norderste"]
[Site "?"]
[Date "2017.11.11"]
[Round "3.4"]
[White "Landa, Konstantin"]
[Black "Krause, Benedict"]
[Result "1/2-1/2"]
[WhiteElo "2607"]
[BlackElo "2453"]
[PlyCount "101"]
[EventDate "2017.??.??"]

1. Nf3 Nf6 2. g3 g6 3. Bg2 Bg7 4. d4 d5 5. O-O O-O 6. Nbd2 Bf5 7. b3 c6 8. Bb2
Ne4 9. c4 Qa5 10. Qc1 Nd7 11. Rd1 Ndf6 12. Ne5 Bh6 13. e3 Ng4 14. Nxe4 dxe4 15.
h3 Nxe5 16. dxe5 Bg7 17. g4 Be6 18. Qc3 Qxc3 19. Bxc3 h5 20. gxh5 Bf5 21. hxg6
fxg6 22. Rd2 Kf7 23. Rad1 Rh8 24. c5 Rh4 25. Rd8 Rh8 26. Rxa8 Rxa8 27. Bf1 g5
28. Kh2 Rh8 29. Kg3 Be6 30. Rd2 Bd5 31. Be2 Be6 32. Bg4 Bxg4 33. Kxg4 Ke6 34.
b4 Rh4+ 35. Kg3 Rh8 36. Kg4 Rh4+ 37. Kg3 Rh8 38. a4 b6 39. cxb6 axb6 40. Kg4
Bxe5 41. Bxe5 Kxe5 42. Rd7 c5 43. bxc5 bxc5 44. Rxe7+ Kd5 45. a5 Ra8 46. Kf5
Rxa5 47. Re5+ Kd6 48. Re6+ Kd5 49. Re5+ Kd6 50. Re6+ Kd5 51. Re5+ 1/2-1/2

[Event "BL 1718 SV Mülheim Nord - SK Norderste"]
[Site "?"]
[Date "2017.11.11"]
[Round "3.5"]
[White "Parvanyan, Ashot"]
[Black "Beerdsen, Thomas"]
[Result "1-0"]
[WhiteElo "2374"]
[BlackElo "2428"]
[PlyCount "79"]
[EventDate "2017.??.??"]

1. Nf3 Nf6 2. c4 b6 3. g3 Bb7 4. d4 e6 5. Bg2 Be7 6. O-O O-O 7. Re1 Na6 8. Nc3
Ne4 9. Nxe4 Bxe4 10. Ne5 Bxg2 11. Kxg2 c5 12. d5 exd5 13. cxd5 Bf6 14. Ng4 Re8
15. Qd3 Nc7 16. d6 Ne6 17. e4 Bd4 18. f4 h5 19. Ne3 Bxe3 20. Bxe3 Qf6 21. e5
Qg6 22. f5 Qh7 23. Rad1 Nd8 24. Bd2 Nc6 25. Bc3 b5 26. b3 a5 27. Qf3 Rf8 28.
Rd5 a4 29. Rxc5 axb3 30. axb3 Ra2+ 31. Kh1 h4 32. Rg1 Rfa8 33. e6 fxe6 34. fxe6
Rf8 35. Qd5 dxe6 36. Qxe6+ Kh8 37. gxh4 Ne5 38. Qxe5 Rxh2+ 39. Qxh2 Qe4+ 40.
Qg2 1-0

[Event "BL 1718 SV Mülheim Nord - SK Norderste"]
[Site "?"]
[Date "2017.11.11"]
[Round "3.6"]
[White "Levin, Felix"]
[Black "Meyer, Falko"]
[Result "1-0"]
[WhiteElo "2474"]
[BlackElo "2212"]
[PlyCount "131"]
[EventDate "2017.??.??"]

1. d4 d5 2. c4 c6 3. Nf3 Nf6 4. Qc2 a6 5. Bf4 g6 6. e3 Bg7 7. Bd3 O-O 8. c5 b6
9. cxb6 Qxb6 10. O-O a5 11. Nc3 Ba6 12. Na4 Qa7 13. Bxa6 Qxa6 14. Bxb8 Rfxb8
15. Ne5 Rc8 16. Rfc1 e6 17. Qd1 Ne4 18. Nd7 Rc7 19. Ndc5 Nxc5 20. Nxc5 Qc8 21.
Qa4 e5 22. Nb3 exd4 23. exd4 Qb7 24. a3 Qb6 25. Rc2 Rb8 26. Nxa5 Ra8 27. b4
Bxd4 28. Rd1 c5 29. g3 c4 30. Re2 Rd8 31. Red2 c3 32. Re2 Kg7 33. Qc2 Qf6 34.
b5 Bb6 35. Nc6 Rxc6 36. bxc6 Qxc6 37. Qd3 d4 38. Rb1 Bc5 39. Qc4 d3 40. Qxc3+
Kg8 41. Qd2 Bxa3 42. Re3 Qc2 43. Rd1 Qxd2 44. Rxd2 Bc5 45. Rexd3 Rxd3 46. Rxd3
h5 47. h3 Kg7 48. g4 hxg4 49. hxg4 Kf6 50. Rd5 Bb4 51. Kg2 Ke6 52. Rb5 Bd2 53.
Rb6+ Ke5 54. Kf3 Bc1 55. Rb5+ Ke6 56. Ke4 Bd2 57. Rb6+ Ke7 58. Rc6 Be1 59. f3
Ba5 60. Ke5 Bd8 61. f4 Ba5 62. f5 gxf5 63. gxf5 Be1 64. Rc7+ Ke8 65. Kf6 Bh4+
66. Kg7 1-0

[Event "BL 1718 SV Mülheim Nord - SK Norderste"]
[Site "?"]
[Date "2017.11.11"]
[Round "3.7"]
[White "Polischuk, Viktor"]
[Black "Hausrath, Daniel"]
[Result "0-1"]
[WhiteElo "2302"]
[BlackElo "2484"]
[PlyCount "64"]
[EventDate "2017.??.??"]

1. e4 c6 2. d4 d5 3. Nc3 dxe4 4. Nxe4 Nf6 5. Nxf6+ gxf6 6. c3 h5 7. Bf4 h4 8.
h3 Bf5 9. Qb3 Qb6 10. Bc4 e6 11. Nf3 Nd7 12. O-O-O a5 13. Qxb6 Nxb6 14. Bd3 Nd5
15. Bh2 Bxd3 16. Rxd3 O-O-O 17. Kb1 b5 18. Re1 Be7 19. Re4 f5 20. Re1 Rdg8 21.
Rg1 Rh7 22. Ne5 Bd6 23. g4 hxg3 24. Rdxg3 Rxg3 25. Bxg3 f4 26. Bh2 Bxe5 27.
dxe5 Rxh3 28. Rg2 Rh5 29. Kc2 Kd7 30. Bg1 Rxe5 31. f3 Ne3+ 32. Bxe3 Rxe3 0-1

[Event "BL 1718 SV Mülheim Nord - SK Norderste"]
[Site "?"]
[Date "2017.11.11"]
[Round "3.8"]
[White "Warmerdam, Max"]
[Black "Kahlert, Thomas"]
[Result "1/2-1/2"]
[WhiteElo "2380"]
[BlackElo "2195"]
[PlyCount "72"]
[EventDate "2017.??.??"]

1. e4 e5 2. Nf3 Nc6 3. Bb5 a6 4. Ba4 Nf6 5. d3 d6 6. c3 g6 7. Bg5 Bg7 8. Nbd2
O-O 9. Nf1 b5 10. Bb3 Be6 11. Ne3 Qd7 12. Bxf6 Bxf6 13. h4 Ne7 14. h5 d5 15.
hxg6 hxg6 16. Nd2 Rad8 17. Qf3 Kg7 18. Rh7+ Kxh7 19. Qxf6 Rh8 20. O-O-O Kg8 21.
exd5 Nxd5 22. Bxd5 Bxd5 23. Ne4 Re8 24. Qxa6 Bxe4 25. dxe4 Qe6 26. Qxb5 Kg7 27.
Qc4 Qf6 28. Rd2 c6 29. a4 Rd8 30. Rxd8 Rxd8 31. f3 Qd6 32. Qe2 Ra8 33. b3 Qa3+
34. Qb2 Qc5 35. Qd2 Qa3+ 36. Qb2 Qc5 1/2-1/2

[Event "BL 1718 DJK Aachen - USV Dresden"]
[Site "?"]
[Date "2017.11.11"]
[Round "3.1"]
[White "Almasi, Zoltan"]
[Black "Iturrizaga Bonelli, Eduardo"]
[Result "1/2-1/2"]
[WhiteElo "2707"]
[BlackElo "2665"]
[PlyCount "97"]
[EventDate "2017.??.??"]

1. Nf3 Nf6 2. c4 b6 3. d4 Bb7 4. Nc3 e6 5. a3 g6 6. Qc2 c5 7. e4 cxd4 8. Nxd4
d6 9. Be2 Bg7 10. Be3 a6 11. O-O-O Nbd7 12. g4 h5 13. gxh5 Nxh5 14. Nxe6 fxe6
15. Rxd6 Be5 16. Rxe6+ Kf7 17. Rd1 Kxe6 18. Bg4+ Kf6 19. Rxd7 Qb8 20. c5 Bc6
21. Qd2 Nf4 22. Rd6+ Bxd6 23. cxd6 Ne6 24. Nd5+ Kf7 25. Bxe6+ Kxe6 26. Nc7+ Kd7
27. e5 Kc8 28. Nxa8 Qxa8 29. e6 Bd7 30. Qc3+ Qc6 31. Qxc6+ Bxc6 32. Bxb6 Rxh2
33. d7+ Bxd7 34. exd7+ Kxd7 35. Be3 Kc6 36. Kc2 Kd5 37. Kc3 Rh3 38. b4 g5 39.
a4 g4 40. Kd3 g3 41. fxg3 Rxg3 42. a5 Rh3 43. Kd2 Kc4 44. Bc5 Rh2+ 45. Ke3 Rb2
46. Bf8 Rb3+ 47. Ke4 Rxb4 48. Bxb4 Kxb4 49. Kd3 1/2-1/2

[Event "BL 1718 DJK Aachen - USV Dresden"]
[Site "?"]
[Date "2017.11.11"]
[Round "3.2"]
[White "Bindrich, Falko"]
[Black "Nisipeanu, Liviu-Dieter"]
[Result "1/2-1/2"]
[WhiteElo "2598"]
[BlackElo "2672"]
[PlyCount "48"]
[EventDate "2017.??.??"]

1. d4 d5 2. c4 e6 3. Nc3 a6 4. cxd5 exd5 5. Bf4 Nf6 6. e3 Bd6 7. Bxd6 Qxd6 8.
Bd3 O-O 9. h3 b6 10. Nf3 c5 11. O-O Bb7 12. b3 Nbd7 13. Rc1 Rfe8 14. Qe2 b5 15.
dxc5 Nxc5 16. Nd4 Qb6 17. b4 Ne6 18. Nxe6 Rxe6 19. Qd2 d4 20. exd4 Rd8 21. Ne2
Be4 22. Rfd1 g6 23. a3 Bxd3 24. Qxd3 Re4 1/2-1/2

[Event "BL 1718 DJK Aachen - USV Dresden"]
[Site "?"]
[Date "2017.11.11"]
[Round "3.3"]
[White "Gajewski, Grzegorz"]
[Black "Handke, Florian"]
[Result "1-0"]
[WhiteElo "2630"]
[BlackElo "2525"]
[PlyCount "81"]
[EventDate "2017.??.??"]

1. c4 c6 2. Nf3 d5 3. e3 Nf6 4. Nc3 g6 5. d4 Bg7 6. Be2 O-O 7. O-O a6 8. a4 b6
9. Qb3 e6 10. Rd1 Nbd7 11. Qc2 Bb7 12. e4 dxc4 13. Bf4 Qe7 14. Bxc4 c5 15. d5
exd5 16. exd5 Qd8 17. Ng5 Kh8 18. Bd6 Ng4 19. Bxf8 Qxf8 20. d6 Nge5 21. Bd5
Bxd5 22. Rxd5 h6 23. Nf3 Nxf3+ 24. gxf3 Bd4 25. Qd2 Ne5 26. Qe2 Nc6 27. Rd1 Re8
28. Qxa6 Nb4 29. Qxb6 Nxd5 30. Nxd5 Re6 31. Ne7 Bf6 32. Nc6 Rxd6 33. Rxd6 Qxd6
34. Qb8+ Qxb8 35. Nxb8 Bxb2 36. a5 c4 37. Nc6 c3 38. Nb4 Ba3 39. a6 c2 40. Nxc2
Bc5 41. Nb4 1-0

[Event "BL 1718 DJK Aachen - USV Dresden"]
[Site "?"]
[Date "2017.11.11"]
[Round "3.4"]
[White "Zaragatski, Ilja"]
[Black "Bartel, Mateusz"]
[Result "0-1"]
[WhiteElo "2495"]
[BlackElo "2613"]
[PlyCount "114"]
[EventDate "2017.??.??"]

1. Nf3 d5 2. g3 g6 3. Bg2 Bg7 4. c4 dxc4 5. Qa4+ Nc6 6. O-O Nh6 7. Qxc4 Nf5 8.
Nc3 O-O 9. d3 Be6 10. Qa4 Bd7 11. Ne4 Ncd4 12. Qd1 Nxf3+ 13. Bxf3 Bc6 14. e3
Nd6 15. Nc3 Qd7 16. d4 Bxf3 17. Qxf3 c6 18. Rd1 f5 19. b3 Qe6 20. Ba3 Ne4 21.
Rac1 Rad8 22. Na4 Rd5 23. Nc5 Nxc5 24. Rxc5 Rfd8 25. Rdc1 R5d7 26. Ra5 a6 27.
Bc5 Qf7 28. Bb6 Re8 29. Rac5 e6 30. h4 Bf8 31. R5c4 Rd5 32. a4 Qd7 33. Kg2 e5
34. dxe5 Rexe5 35. Rd4 Rxd4 36. Bxd4 Rd5 37. Rc4 c5 38. Bb2 Rd3 39. Rc3 Rxc3
40. Bxc3 Qd3 41. Ba1 Qxb3 42. a5 h5 43. Kh2 Bd6 44. Qe2 Kf7 45. e4 f4 46. e5
fxg3+ 47. fxg3 Be7 48. Qf1+ Ke8 49. Qe1 Qc2+ 50. Kh1 c4 51. e6 Qf5 52. Kh2 Bc5
53. Qh1 Qf2+ 54. Kh3 Bd6 55. Qg2 Qxg2+ 56. Kxg2 Ke7 57. Kf3 Kxe6 0-1

[Event "BL 1718 DJK Aachen - USV Dresden"]
[Site "?"]
[Date "2017.11.11"]
[Round "3.5"]
[White "Neef, Maximilian"]
[Black "Burg, Twan"]
[Result "0-1"]
[WhiteElo "2453"]
[BlackElo "2514"]
[PlyCount "60"]
[EventDate "2017.??.??"]

1. Nf3 d5 2. g3 g6 3. c4 dxc4 4. Qa4+ Nc6 5. Bg2 Bg7 6. O-O e5 7. Nxe5 Bxe5 8.
Bxc6+ bxc6 9. Qxc6+ Bd7 10. Qe4 f6 11. f4 Bf5 12. Qe3 Bh3 13. Rf3 Ne7 14. fxe5
Nf5 15. Qc3 Qd4+ 16. Rf2 fxe5 17. Qxd4 exd4 18. b3 O-O 19. Ba3 Rfe8 20. bxc4
Bg4 21. Rf4 h5 22. Bc5 Rxe2 23. Na3 Rae8 24. Nb5 Bh3 25. Nxd4 Nxd4 26. Bxd4
Rg2+ 27. Kh1 Rxd2 28. Bf2 g5 29. Re1 Rxe1+ 30. Bxe1 Re2 0-1

[Event "BL 1718 DJK Aachen - USV Dresden"]
[Site "?"]
[Date "2017.11.11"]
[Round "3.6"]
[White "Swinkels, Robin"]
[Black "Moehn, Hans"]
[Result "0-1"]
[WhiteElo "2486"]
[BlackElo "2368"]
[PlyCount "118"]
[EventDate "2017.??.??"]

1. d4 Nf6 2. c4 g6 3. g3 Bg7 4. Bg2 O-O 5. Nc3 d6 6. Nf3 Nc6 7. O-O e5 8. d5
Nb8 9. e4 a5 10. Ne1 Na6 11. h3 Nd7 12. Be3 Nac5 13. Nd3 Nxd3 14. Qxd3 b6 15.
f4 exf4 16. gxf4 f5 17. Rae1 Rb8 18. b3 fxe4 19. Nxe4 Nc5 20. Bxc5 bxc5 21. Ng5
Bd4+ 22. Kh1 Qf6 23. Ne6 Bxe6 24. Rxe6 Qh4 25. Qe4 Be5 26. Kg1 Rxf4 27. Rxf4
Bxf4 28. Qf3 Rf8 29. Qg4 Qxg4 30. hxg4 Bg5 31. Re2 Rf4 32. Re4 Rxe4 33. Bxe4
Kg7 34. Kf2 Kf6 35. Kf3 Ke5 36. Bd3 Kd4 37. Be2 Kc3 38. Ke4 Kd2 39. Bf3 Bh6 40.
Bg2 Bg5 41. Bf3 Kc2 42. Be2 Kc3 43. Bd1 Kb2 44. Kd3 Kxa2 45. Kc2 Ka3 46. Be2
Kb4 47. Kb2 Bf6+ 48. Kc2 Bh4 49. Kb2 Bg5 50. Kc2 Bf6 51. Bd3 h5 52. gxh5 gxh5
53. Bf5 h4 54. Bd7 Be5 55. Bc8 Bg7 56. Bd7 Bc3 57. Bh3 a4 58. bxa4 Kxc4 59.
Bf1+ Kd4 0-1

[Event "BL 1718 DJK Aachen - USV Dresden"]
[Site "?"]
[Date "2017.11.11"]
[Round "3.7"]
[White "Loxine, Jakov"]
[Black "Santos Ruiz, Miguel"]
[Result "0-1"]
[WhiteElo "2409"]
[BlackElo "2508"]
[PlyCount "54"]
[EventDate "2017.??.??"]

1. Nf3 d5 2. e3 Nf6 3. c4 e6 4. Nc3 Bd6 5. b3 O-O 6. Bb2 c5 7. g4 d4 8. exd4
cxd4 9. Nxd4 e5 10. Nf5 Bxf5 11. gxf5 e4 12. d4 Nc6 13. d5 Ne5 14. Be2 Re8 15.
Qd2 Nf3+ 16. Bxf3 exf3+ 17. Kd1 b5 18. Rg1 bxc4 19. bxc4 Be5 20. Qh6 g6 21.
fxg6 hxg6 22. Kc2 Rb8 23. Rab1 Qc8 24. Rg5 Qxc4 25. Rxg6+ fxg6 26. Qxg6+ Kh8
27. Qh6+ Nh7 0-1

[Event "BL 1718 DJK Aachen - USV Dresden"]
[Site "?"]
[Date "2017.11.11"]
[Round "3.8"]
[White "Donchenko, Alexander"]
[Black "Hoffmann, Paul"]
[Result "1-0"]
[WhiteElo "2559"]
[BlackElo "2384"]
[PlyCount "75"]
[EventDate "2017.??.??"]

1. Nf3 Nf6 2. c4 e6 3. g3 b6 4. Bg2 Bb7 5. d4 Bb4+ 6. Bd2 a5 7. O-O O-O 8. Bf4
Be7 9. Nc3 Ne4 10. Qc2 Nxc3 11. bxc3 f5 12. Ne1 Bxg2 13. Nxg2 g5 14. Bd2 Qe8
15. e4 Nc6 16. f4 g4 17. Rae1 Qf7 18. Be3 Rae8 19. d5 exd5 20. cxd5 Nd8 21. Bd4
fxe4 22. Rxe4 Bf6 23. f5 Qxd5 24. Rxg4+ Kh8 25. Qd2 Bxd4+ 26. Qxd4+ Qxd4+ 27.
Rxd4 Rf7 28. g4 Nc6 29. Rc4 Re5 30. h4 b5 31. Rcf4 Ne7 32. f6 Nd5 33. Rf5 Rxf5
34. Rxf5 c6 35. g5 h6 36. Kf2 Kh7 37. Kf3 Ne7 38. fxe7 1-0

[Event "BL 1718 SG Solingen - Schachfreunde Ber"]
[Site "?"]
[Date "2017.11.11"]
[Round "3.1"]
[White "Mista, Aleksander"]
[Black "Harikrishna, Pentala"]
[Result "1/2-1/2"]
[WhiteElo "2595"]
[BlackElo "2733"]
[PlyCount "49"]
[EventDate "2017.??.??"]

1. e4 c5 2. Nf3 e6 3. d4 cxd4 4. Nxd4 Nc6 5. Nc3 Qc7 6. Be2 Nf6 7. Be3 a6 8.
O-O Be7 9. f4 d6 10. Kh1 O-O 11. Qe1 Nxd4 12. Bxd4 b5 13. a3 Bb7 14. Qg3 Bc6
15. Rae1 Rad8 16. Bf3 Qb7 17. Nd1 d5 18. e5 Ne4 19. Qh3 Rde8 20. Bxe4 dxe4 21.
f5 exf5 22. Ne3 f4 23. Rxf4 Bg5 24. Rf5 Bxe3 25. Qxe3 1/2-1/2

[Event "BL 1718 SG Solingen - Schachfreunde Ber"]
[Site "?"]
[Date "2017.11.11"]
[Round "3.2"]
[White "Ragger, Markus"]
[Black "Schneider, Ilja"]
[Result "1/2-1/2"]
[WhiteElo "2659"]
[BlackElo "2506"]
[PlyCount "74"]
[EventDate "2017.??.??"]

1. e4 e5 2. Nf3 d6 3. d4 exd4 4. Nxd4 Nf6 5. Nc3 Be7 6. g3 O-O 7. Bg2 Nc6 8.
O-O Nxd4 9. Qxd4 Be6 10. Bf4 Re8 11. Rad1 Qc8 12. Rfe1 Bh3 13. Bh1 Nd7 14. Nd5
Bf8 15. Bd2 Ne5 16. f4 c6 17. Ne3 Ng4 18. Bc3 Nxe3 19. Rxe3 Qe6 20. Rde1 b5 21.
b3 Qh6 22. Bf3 c5 23. Qd2 b4 24. Bb2 Rad8 25. Rd3 Bc8 26. Rd1 Bb7 27. Qg2 Qe6
28. e5 Bxf3 29. Qxf3 c4 30. Rd5 c3 31. Bc1 dxe5 32. fxe5 Rxd5 33. Rxd5 Rd8 34.
Rxd8 Qb6+ 35. Be3 Qxd8 36. Bxa7 Qa5 37. Bd4 Qxa2 1/2-1/2

[Event "BL 1718 SG Solingen - Schachfreunde Ber"]
[Site "?"]
[Date "2017.11.11"]
[Round "3.3"]
[White "Baldauf, Marco"]
[Black "Van Wely, Loek"]
[Result "1-0"]
[WhiteElo "2483"]
[BlackElo "2663"]
[PlyCount "93"]
[EventDate "2017.??.??"]

1. d4 Nf6 2. c4 g6 3. Nc3 Bg7 4. e4 d6 5. f3 O-O 6. Nge2 c5 7. Be3 Nc6 8. d5
Na5 9. Ng3 e6 10. Be2 exd5 11. cxd5 a6 12. Rc1 b5 13. b3 Re8 14. Qd2 Bd7 15.
O-O b4 16. Nd1 Bb5 17. Rf2 h5 18. Bg5 Qb6 19. Bh6 Bh8 20. Nb2 h4 21. Nf1 Nd7
22. Kh1 Rac8 23. Ne3 Bd4 24. Rff1 Ne5 25. Nbc4 Bxc4 26. Nxc4 Naxc4 27. Bxc4 f6
28. Qf4 Kf7 29. Qxh4 Qa5 30. Rc2 Rh8 31. Be2 g5 32. Qh3 Rce8 33. f4 gxf4 34.
Bh5+ Ng6 35. Qd7+ Re7 36. Bxg6+ Kxg6 37. Qxe7 Kxh6 38. Rxf4 Qd8 39. Qe6 Kg7 40.
Rg4+ Kf8 41. g3 Qe7 42. Qc8+ Qe8 43. Qc7 Qh5 44. Qxd6+ Ke8 45. Qc6+ Kf7 46.
Qd7+ Kf8 47. d6 1-0

[Event "BL 1718 SG Solingen - Schachfreunde Ber"]
[Site "?"]
[Date "2017.11.11"]
[Round "3.4"]
[White "Ganguly, Surya Shekhar"]
[Black "Abel, Dennes"]
[Result "1/2-1/2"]
[WhiteElo "2657"]
[BlackElo "2458"]
[PlyCount "112"]
[EventDate "2017.??.??"]

1. e4 c6 2. Nc3 d5 3. Nf3 dxe4 4. Nxe4 Nf6 5. Qe2 Bg4 6. h3 Bh5 7. Nxf6+ gxf6
8. g4 Bg6 9. d4 Qd5 10. c4 Qe4 11. Be3 e6 12. a3 Nd7 13. Bg2 Qd3 14. Nh4 O-O-O
15. Rc1 Be7 16. Nxg6 Qxe2+ 17. Kxe2 hxg6 18. Rhd1 Kb8 19. d5 cxd5 20. cxd5 Nb6
21. dxe6 fxe6 22. Rxd8+ Bxd8 23. Rd1 Kc8 24. Rc1+ Kb8 25. b3 Bc7 26. Rd1 Nd5
27. Bxd5 exd5 28. Rxd5 Rxh3 29. Rd7 g5 30. a4 Be5 31. Re7 Kc8 32. b4 a6 33.
Bxg5 Ra3 34. Bd2 Rxa4 35. g5 Kd8 36. gxf6 Bxf6 37. Rxb7 Bd4 38. f4 Ra3 39. Rh7
Ke8 40. f5 Bf6 41. Ra7 Be7 42. Rb7 Bf6 43. Be3 a5 44. b5 Rb3 45. Rb8+ Kd7 46.
b6 a4 47. Rf8 Bd8 48. Rf7+ Kc6 49. Rf8 Bxb6 50. Bxb6 Rxb6 51. Rf6+ Kc7 52. Rxb6
Kxb6 53. Kd3 Kc5 54. Kc3 Kd5 55. Kb4 Ke5 56. Kxa4 Kxf5 1/2-1/2

[Event "BL 1718 SG Solingen - Schachfreunde Ber"]
[Site "?"]
[Date "2017.11.11"]
[Round "3.5"]
[White "Seyb, Alexander"]
[Black "Smeets, Jan"]
[Result "1/2-1/2"]
[WhiteElo "2403"]
[BlackElo "2605"]
[PlyCount "51"]
[EventDate "2017.??.??"]

1. e4 e5 2. Nf3 Nc6 3. Bb5 a6 4. Ba4 Nf6 5. O-O Be7 6. d3 b5 7. Bb3 d6 8. a3
O-O 9. Nc3 Nd4 10. Nxd4 exd4 11. Nd5 Be6 12. Nxf6+ Bxf6 13. Bxe6 fxe6 14. a4
Qd7 15. b3 c5 16. Bd2 e5 17. c4 dxc3 18. Bxc3 Qe6 19. Qc2 Bg5 20. axb5 axb5 21.
Rxa8 Rxa8 22. Ra1 Rxa1+ 23. Bxa1 h5 24. Bc3 Kh7 25. Be1 Qf7 26. Qd1 1/2-1/2

[Event "BL 1718 SG Solingen - Schachfreunde Ber"]
[Site "?"]
[Date "2017.11.11"]
[Round "3.6"]
[White "Nikolic, Predrag"]
[Black "Schmidek, Emil"]
[Result "1-0"]
[WhiteElo "2586"]
[BlackElo "2387"]
[PlyCount "73"]
[EventDate "2017.??.??"]

1. d4 Nf6 2. Nf3 g6 3. Bf4 Bg7 4. e3 O-O 5. Be2 d5 6. O-O c5 7. Nbd2 Nbd7 8. h3
b6 9. a4 Bb7 10. a5 Bc6 11. c4 Ne4 12. cxd5 Bxd5 13. Nc4 cxd4 14. exd4 bxa5 15.
Nxa5 Qb6 16. Qa4 Qe6 17. Rfe1 Qf5 18. Bh2 Nb6 19. Qd1 Ng5 20. Ne5 Bxe5 21. Bxe5
Qe4 22. f3 Qe3+ 23. Kh2 Ne6 24. Bc4 Qg5 25. Bxd5 Nxd5 26. Nc6 h5 27. Ra5 Rfc8
28. Qc1 Ndf4 29. Bxf4 Qxa5 30. Rxe6 fxe6 31. Nxe7+ Kh7 32. Nxc8 Qd8 33. Nd6 Qe7
34. Ne4 Kg8 35. Be5 Kf7 36. Qh6 Ke8 37. Nf6+ 1-0

[Event "BL 1718 SG Solingen - Schachfreunde Ber"]
[Site "?"]
[Date "2017.11.11"]
[Round "3.7"]
[White "Lauber, Arnd"]
[Black "Sandipan, Chanda"]
[Result "1/2-1/2"]
[WhiteElo "2423"]
[BlackElo "2555"]
[PlyCount "94"]
[EventDate "2017.??.??"]

1. d4 f5 2. c4 Nf6 3. g3 g6 4. Bg2 Bg7 5. Nf3 O-O 6. O-O e6 7. Nc3 d5 8. Ne5 c6
9. b4 dxc4 10. Nxc4 Nd5 11. Nxd5 cxd5 12. Ne5 Nc6 13. Nxc6 bxc6 14. e3 a5 15.
bxa5 Qxa5 16. a4 Ba6 17. Re1 Bc4 18. Bd2 Qa6 19. Bb4 Rfb8 20. Qd2 Rb7 21. Bf1
Rab8 22. Bc3 Rb3 23. Bxc4 dxc4 24. a5 c5 25. Rac1 Rd8 26. Qe2 Rc8 27. Ba1 cxd4
28. exd4 Rd3 29. Qxe6+ Qxe6 30. Rxe6 Bh6 31. f4 c3 32. Kf1 Bf8 33. Rc2 Bb4 34.
a6 Rxd4 35. a7 Ra8 36. Bxc3 Bxc3 37. Rxc3 Rxa7 38. Rc2 Kf7 39. Rec6 Rad7 40.
Rc7 h6 41. Rxd7+ Rxd7 42. Ke2 Ra7 43. Rb2 g5 44. fxg5 hxg5 45. Kf3 Ra3+ 46. Kf2
Kg6 47. h3 Ra6 1/2-1/2

[Event "BL 1718 SG Solingen - Schachfreunde Ber"]
[Site "?"]
[Date "2017.11.11"]
[Round "3.8"]
[White "Naumann, Alexander"]
[Black "Thiede, Lars"]
[Result "1-0"]
[WhiteElo "2563"]
[BlackElo "2411"]
[PlyCount "151"]
[EventDate "2017.??.??"]

1. e4 d6 2. d4 Nf6 3. Nc3 e5 4. Nge2 Nc6 5. f3 Be7 6. Be3 O-O 7. Qd2 exd4 8.
Nxd4 d5 9. Nxc6 bxc6 10. O-O-O Be6 11. Qf2 Qb8 12. Bc5 Bxc5 13. Qxc5 dxe4 14.
fxe4 Qb7 15. Rd4 Rfb8 16. b3 Nd7 17. Qg5 Qb6 18. Qd2 Qc5 19. Bc4 Nf8 20. Bxe6
Nxe6 21. Rc4 Qa3+ 22. Kb1 Qa6 23. Ra4 Qb6 24. Rf1 Rd8 25. Qf2 Rd7 26. Rc4 Rb8
27. Qxb6 Rxb6 28. Rd1 Rxd1+ 29. Nxd1 Kf8 30. Ra4 a6 31. Ne3 c5 32. e5 Ke8 33.
Kb2 Kd7 34. Rh4 h6 35. Nc4 Rb8 36. Rh3 Kc6 37. Rf3 Rf8 38. c3 Ng5 39. Rf2 Ne6
40. Kc2 Ng5 41. h4 Ne6 42. Ne3 Kb7 43. g3 Kc6 44. Rf1 Kb7 45. Kd3 Rd8+ 46. Ke4
Rd7 47. Rd1 Rxd1 48. Nxd1 Kc6 49. Ne3 Nf8 50. Nf5 Ne6 51. g4 Kb5 52. a4+ Kc6
53. Ne3 Nf8 54. Kf5 Ne6 55. Ke4 Nf8 56. h5 Ne6 57. Nf5 Ng5+ 58. Kd3 Ne6 59. Kc4
Kb6 60. Ne7 a5 61. Kd5 Nf4+ 62. Kc4 Ne6 63. Kd3 Nf4+ 64. Kd2 Ne6 65. Nd5+ Kc6
66. Ne3 Nd8 67. Kd3 Ne6 68. Nc4 Kd5 69. Ke3 g6 70. Nxa5 Kxe5 71. Nc4+ Kd5 72.
a5 Kc6 73. a6 Nf8 74. b4 cxb4 75. cxb4 Nd7 76. b5+ 1-0